| 000 | 00398nam a2200181Ia 4500 | ||
|---|---|---|---|
| 008 | 221030s9999 xx 000 0 und d | ||
| 020 | _a8120304845 | ||
| 041 | _aEnglish | ||
| 082 |
_a105.23 _bLuc |
||
| 100 | _aD. J. Luck | ||
| 245 | 0 | _aMarketing Research | |
| 250 | _a7th | ||
| 260 |
_bPHI _aNew Delhi _c2003 |
||
| 300 | _a683 | ||
| 650 | _aManagement | ||
| 700 | _aR. S. Rubin | ||
| 942 | _cBK | ||
| 999 |
_c1726 _d1726 |
||